BIBLIOTECA “JULIO CORTÁZAR”
ESCUELA AGROTÉCNICA “LIBERTADOR GENERAL SAN MARTÍN” - UNR – CASILDA

Logo Escuela Logo UNR

Federico : (Record no. 2200)

MARC details
000 -LEADER
campo de control de longitud fija 00807nam#a22002775a#4500
001 - NÚMERO DE CONTROL
campo de control 2200
020 ## - NÚMERO INTERNACIONAL ESTÁNDAR DEL LIBRO
Número Internacional Estándar del Libro 9789876849500
080 ## - NÚMERO DE LA CLASIFICACIÓN DECIMAL UNIVERSAL
Número de la Clasificación Decimal Universal 82-1
084 ## - OTRO NÚMERO DE CLASIFICACIÓN
Número de clasificación L 84
040 ## - FUENTE DE CATALOGACIÓN
Centro catalogador/agencia de origen AR-ClEAG
Centro/agencia transcriptor AR-ClEAG
008 - DATOS DE LONGITUD FIJA--INFORMACIÓN GENERAL
campo de control de longitud fija 140313s2013####ag############000#0#und#d
005 - FECHA Y HORA DE LA ÚLTIMA TRANSACCIÓN
campo de control 20241107184737.0
003 - IDENTIFICADOR DE NÚMERO DE CONTROL
campo de control AR-ClEAG
100 1# - ENTRADA PRINCIPAL--NOMBRE DE PERSONA
Nombre de persona García Lorca, Federico.
245 10 - MENCIÓN DEL TÍTULO
Título Federico :
Resto del título Antología de Federico García Lorca /
Mención de responsabilidad, etc. Federico García Lorca . Compilación a cargo de Juana Terán y Adriana Romano.
250 ## - MENCION DE EDICION
Mención de edición 1ª edic.
260 ## - PUBLICACIÓN, DISTRIBUCIÓN, ETC.
Lugar de publicación, distribución, etc. Buenos Aires :
Nombre del editor, distribuidor, etc. Colihue,
Fecha de publicación, distribución, etc. 2013.
300 ## - DESCRIPCIÓN FÍSICA
Extensión 144 p. :
Otras características físicas byn, il. ;
Dimensiones 18 cm.
490 0# - MENCIÓN DE SERIE
Mención de serie Inspiración
490 0# - MENCIÓN DE SERIE
Mención de serie Leer y crear
653 ## - TÉRMINO DE INDIZACIÓN--NO CONTROLADO
Término no controlado Literatura española
653 ## - TÉRMINO DE INDIZACIÓN--NO CONTROLADO
Término no controlado Antología
700 1# - ENTRADA AGREGADA--NOMBRE PERSONAL
Nombre de persona Terán, Juana,
Término indicativo de función/relación comp.
700 1# - ENTRADA AGREGADA--NOMBRE PERSONAL
Nombre de persona Romano, Adriana,
Término indicativo de función/relación comp.
942 ## - ELEMENTOS DE ENTRADA SECUNDARIOS (KOHA)
Tipo de ítem Koha Libros
980 ## - EQUIVALENCIA O REFERENCIA-CRUZADA-MENCIÓN DE SERIE--NOMBRE DE PERSONA/TÍTULO [LOCAL, CANADÁ]
Enlace 2
Nombre de persona Evangelina Gallicchio
Enlace entre campo y número de secuencia 2
Información miscelánea Evangelina Gallicchio
Holdings
Estatus retirado Estado de pérdida Fuente del sistema de clasificación o colocación Estado de daño No para préstamo Biblioteca de origen Biblioteca actual Ubicación en estantería Fecha de adquisición Número de inventario Total de préstamos Signatura topográfica completa Código de barras Visto por última vez Precio de reemplazo Tipo de ítem Koha
    Clasificación decimal universal     Julio Cortázar Julio Cortázar   07/11/2024 4171   R20 82-1 G L 84 Ej.1 4171 07/11/2024 07/11/2024 Libros

Contacto

Biblioteca Julio Cortázar. Escuela Agrotécnica "Libertador San Martín". Universidad Nacional de Rosario
Dirección: Ov. Lagos 1000 - 2170 Casilda - Santa Fe - Argentina
Tel: (54) (03464) 422226.
Fax: (54) (03464) 427789.
E-Mail: biblio-eac@unr.edu.ar